000 00636nam a2200241Ia 4500
003 OSt
005 20221007102938.0
006 a|||||r|||| 00| 0
007 ta
008 221006b |||||||| |||| 00| 0 eng d
024 _a11,813
037 _cTextual
040 _aLCO
_cLCO
_beng
041 _2eng
_aeng
082 _aV1:5, P1
100 _aKapoor Raj
_9704789
245 0 _aHuman Rights Paradigm and Citizens's Charter
260 _aDelhi
_bEncomium Foundation Publications India
_c2001
300 _a264
650 _aHUMAN RIGHTS
942 _hV1:5, P1
_cTEXL
999 _c1181376
_d1181376